Esprits criminels ou Mindhunter ? - Statistiques

Statistiques générales
  • Ce quiz a été pris 301 fois
  • Le résultat moyen est 32 sur 40
Statistiques - réponses
Hint Réponse % Correct
Aaron« Hotch » Hotchner Esprits criminels
95%
Derek Morgan Esprits criminels
95%
Dr Spencer Reid Esprits criminels
95%
Penelope Garcia Esprits criminels
95%
Emily Prentiss Esprits criminels
94%
David Rossi Esprits criminels
94%
Jennifer « J. J. » Jareau Esprits criminels
94%
Jason Gideon Esprits criminels
92%
Diana Reid Esprits criminels
90%
Luke Alvez Esprits criminels
88%
Bill Tench Mindhunter
87%
Nancy Tench Mindhunter
86%
Kay Manz Mindhunter
85%
Edmund Kemper Mindhunter
85%
Jerry Brudos Mindhunter
85%
Dr Tara Lewis Esprits criminels
84%
Wendy Carr Mindhunter
84%
Dennis Rader, alias BTK Mindhunter
83%
Greg Smith Mindhunter
82%
Inspecteur Mark Ocasek Mindhunter
82%
Elle Greenaway Esprits criminels
81%
Alex Blake Esprits criminels
81%
Holden Ford Mindhunter
81%
Deborah "Debbie" Mitford Mindhunter
81%
David Berkowitz Mindhunter
81%
Montie Rissell Mindhunter
81%
Ted Gunn Mindhunter
78%
Jim Barney Mindhunter
77%
Camille Bell Mindhunter
76%
Elmer Wayne Henley Jr Mindhunter
76%
Kate Callahan Esprits criminels
73%
Matthew Simmons Esprits criminels
73%
Tanya Clifton Mindhunter
73%
William Jr. Et Henry LaMontagne Esprits criminels
72%
Shepard Mindhunter
68%
Stephen Walker Esprits criminels
66%
Charles Manson Mindhunter
65%
Ashley Seaver Esprits criminels
59%
David et Kristy Simmons Esprits criminels
52%
Tyler Green Esprits criminels
48%
Aucun quiz correspondant
Distribution des résultats
% des personnes avec chaque résultat
Percentile par nombre de réponses
Votre historique - résultats
Vous n’avez pas pris ce quiz